000 00409cam a22001457a 4500
008 180718b1972 xxu||||| |||| 00| 0 eng d
082 _aB11x54 D26
100 _aDasgupta, Subhayu
245 _aHindu ethos and the challenge of change
_cby Subhayu Dasgupta
260 _aCalcutta
_bMinerva
_c1972
300 _a277p.
500 _aRs.60.00
650 _aSocial Change - India
650 _aCivilization - India
999 _c343584
_d343584